Statistics for Castles of the Westerlands - A Song Of Ice And Fire

Click here to take the quiz!

General Stats

  • This quiz has been taken 53 times
  • The average score is 7 of 12

Answer Stats

Noble houseSeat% Correct
LannisterCasterly Rock
100%
CrakehallCrakehall
82%
CleganeClegane's Keep
71%
WesterlingThe Crag
64%
MarbrandAshemark
61%
BanefortBanefort
61%
FarmanFaircastle
61%
LeffordGolden Tooth
61%
PresterFeastfires
46%
LyddenDeep Den
43%
SerrettSilverhill
43%
BraxHornvale
36%

Score Distribution

Percentile by Number Answered

Percent of People with Each Score

Your Score History

You have not taken this quiz